000 01927cam a2200397 a 4500
001 EDZ0000063784
003 StDuBDS
005 20161031105108.0
006 m||||||||d||||||||
007 cr |||||||||||
008 120323s2004 caua fo| 001|0|eng|d
020 _a9781452229188 (ebook) :
_cNo price
040 _aStDuBDS
_beng
_cStDuBDS
_epn
049 _aAlfaisal Main Library
050 0 _aTD194.5
_b.L56 2004
082 0 4 _a363.1056
_223
100 1 _aLindell, Michael K.
245 1 0 _aCommunicating environmental risk in multiethnic communities
_h[electronic resource] /
_cMichael K. Lindell, Ronald W. Perry.
260 _aThousand Oaks, Calif. ;
_aLondon :
_bSAGE,
_cc2004.
300 _a1 online resource (x, 262 p.) :
_bill.
490 1 _aCommunicating effectively in multicultural contexts ;
_v7
520 8 _aThe authors explore the nature of natural hazards (earthquakes, floods, etc.) and technological dangers (hazardous waste, nuclear power plants, etc.), develop a model for understanding people's reaction to risk messages (Do they evacuate when the weather dictates as much? Do they protest the impending construction of a nuclear power plant?), and demonstrate how effective strategies for disseminating risk messages can be devised.
521 _aSpecialized.
588 _aDescription based on print version record.
504 _aIncludes bibliographical references and index.
650 0 _aEnvironmental impact statements.
650 0 _aPollution
_xSocial aspects.
650 0 _aEnvironmental policy.
655 7 _aElectronic books.
_2local
700 1 _aPerry, Ronald W.
710 2 _aSage eBooks
776 0 8 _iPrint version :
_z9780761906513
830 0 _aCommunicating effectively in multicultural contexts ;
_v7.
856 4 0 _uhttp://ezproxy.alfaisal.edu/login?url=http://sk.sagepub.com/books/communicating-environmental-risk-in-multiethnic-communities
942 _2lcc
_cEBOOKS
999 _c479227
_d479227